000 01075nam a22002537a 4500
999 _c22175
_d22175
003 AR-CdUCM
008 190425b ||||| |||| 00| 0 spa d
040 _aMUNICIPALIDAD PROVINCIAL DEL CUSCO
_cBIBLIOTECA MUNICIPAL DEL CUSCO
082 _aOropesa/N°61/2007
245 _aOropesa :
_brevista de cultura y educación de opinión y crítica /
_cAmérico Valer Vargas, Director
260 _aCusco.
_bPantigozo,
_c2007.
300 _a18 páginas. :
_bilustraciones ;
_c30 cm.
440 _aOropesa.
_nAño XXVI, N°LXI, febrero 2007.
_947597
505 _aContenido: Apuntes para la historia de Oropesa. -- Jorge Icaza y Huasipungo. -- Desastres naturales en el país. -- Realidad del distrito de Oropesa al cumplir su CXLVI aniversario.
650 _aPolítica cusqueña
_947381
650 _aCultura andina
_947570
650 _aSociedad cusqueña
_947493
650 _aSiglo XX
_947561
700 _aCanal Astete, Washington
_947571
700 _aValer Vargas, Américo
_947562
700 _aMalpartida Betancourt, Godofredo
_947598
942 _2ddc
_cPP
945 _arac